Anales del I Congreso Ibero-Americano de Ingeniería de Alimentos : Campinas, São Paulo, Brasil, 5-9 de noviembre de 1995 : análisis cinética, termodinámica y estructural de los cambios producidos durante el procesamiento de alimentos /
Guardat en:
| Autor corporatiu: | , |
|---|---|
| Format: | Actes de congresos Llibre |
| Idioma: | espanyol |
| Publicat: |
Valencia, España :
Universidad Politécnica de Valencia,
1996, c1996
|
| Matèries: | |
| Etiquetes: |
Sense etiquetes, Sigues el primer a etiquetar aquest registre!
|
MARC
| LEADER | 00000nam^a2200000^a^4500 | ||
|---|---|---|---|
| 001 | 000062646 | ||
| 005 | 20250521000000.0 | ||
| 009 | 20260310090958.932 | ||
| 020 | |a 84-7721-445-X | ||
| 037 | |a Acervo ITESO - Biblioteca | ||
| 041 | |a ESP | ||
| 082 | |a 664. 02 |b CON V. 2 | ||
| 111 | |a Congreso Ibero-Americano de Ingeniería de Alimentos ( |n 1° : |d 1996 : |c Campinas, São Paulo) | ||
| 245 | 1 | 0 | |a Anales del I Congreso Ibero-Americano de Ingeniería de Alimentos : |b Campinas, São Paulo, Brasil, 5-9 de noviembre de 1995 : análisis cinética, termodinámica y estructural de los cambios producidos durante el procesamiento de alimentos / |
| 264 | 4 | |a Valencia, España : |b Universidad Politécnica de Valencia, |c 1996, c1996 | |
| 300 | |a 574 p. | ||
| 336 | |a texto |b txt |2 rdacontenido | ||
| 337 | |a sin mediación |b n |2 rdamedio | ||
| 338 | |a volumen |b nc |2 rdasoporte | ||
| 649 | |a XX | ||
| 650 | |a Cinética Química | ||
| 650 | |a Termodinámica | ||
| 650 | |a Alimentos y Bebidas - |x Conservación | ||
| 650 | |a Alimentos y Bebidas - |x Higiene e Inspección Sanitaria | ||
| 650 | |a Industria Alimenticia - |x Congresos | ||
| 650 | |a Ingeniería de Procesos | ||
| 650 | |a Ingeniería Química | ||
| 650 | |a Tecnología de Alimentos - |x Congresos - |x Tema Principal | ||
| 710 | |a Programa Ibero-Americano de Ciencia y Tecnología para el Desarrollo | ||
| 910 | |a Fondo General | ||
| 920 | |a Impresos - Libros | ||
| 930 | |a Colección General | ||
| 905 | |a 101 | ||
| 901 | |a 0500014926 |b IT1 |c ACC |u 20250521 | ||
| 902 | |a https://opac.biblio.iteso.mx/vufind/Record/000062646 | ||